[Event "EU-Cup 24th"]
[Site "Kallithea"]
[Date "2008.10.17"]
[Round "1"]
[White "O'Donovan, Richard"]
[Black "Grigoryan, Avetik"]
[Result "0-1"]
[WhiteElo "2162"]
[BlackElo "2513"]
[PlyCount "68"]
[EventDate "2008.10.17"]
[EventType "team-swiss"]
[EventRounds "7"]
[EventCountry "GRE"]
[SourceTitle "CBM 127"]
[Source "ChessBase"]
[SourceDate "2008.11.13"]
[SourceVersion "1"]
[SourceVersionDate "2008.11.13"]
[SourceQuality "1"]
[WhiteTeam "Phibsboro"]
[BlackTeam "FIMA"]
[WhiteTeamCountry "IRL"]
[BlackTeamCountry "ARM"]

1. e4 e5 2. Nf3 Nc6 3. d4 exd4 4. Nxd4 Bc5 5. Be3 Qf6 6. c3 Nge7 7. Bc4 Ne5 8. Be2 Qg6 9. 0-0 Qxe4 10. Nd2 Qg6 11. b4 Bxd4 12. cxd4 N5c6 13. Bh5 Qf5 14. Bg4 Qg6 15. Bh5 Qf5 16. Bg4 Qb5 17. Rb1 d6 18. Be2 Qf5 19. Nf3 0-0 20. b5 Nd8 21. Bg5 f6 22. Bd3 Qd5 23. Rc1 Qf7 24. Rxc7 Ne6 25. Bc4 d5 26. Bxd5 fxg5 27. Nxg5 Qf6 28. Nxe6 Nxd5 29. Rxg7+ Kh8 30. Qh5 Qf5 31. Rg5 Qxe6 32. Rxd5 Qf6 33. Re5 Bf5 34. Rfe1 Bg4 0-1

[Event "EU-Cup 21st"]
[Site "Saint Vincent"]
[Date "2005.09.23"]
[Round "6.3"]
[White "O'Donovan, Richard"]
[Black "Gilbert, Jonathan A"]
[Result "1-0"]
[WhiteElo "2155"]
[BlackElo "2080"]
[PlyCount "55"]
[EventDate "2005.09.18"]
[EventType "team-swiss"]
[EventRounds "7"]
[EventCountry "ITA"]
[SourceTitle "CBM 110"]
[Source "ChessBase"]
[SourceDate "2006.01.31"]
[SourceVersion "1"]
[SourceVersionDate "2006.01.31"]
[SourceQuality "1"]
[WhiteTeam "Phibsboro"]
[BlackTeam "Cwmbran"]
[WhiteTeamCountry "IRL"]
[BlackTeamCountry "WLS"]

1. e4 c5 2. Nf3 Nc6 3. d4 cxd4 4. Nxd4 Nf6 5. Nc3 e5 6. Ndb5 d6 7. Bg5 a6 8. Na3 b5 9. Nd5 Be7 10. Bxf6 Bxf6 11. c3 Bg5 12. Bd3 Be6 13. Nc2 0-0 14. a4 Rb8 15. axb5 axb5 16. Qe2 f5 17. Bxb5 Bxd5 18. exd5 Ne7 19. Nb4 Qb6 20. Bd7 e4 21. 0-0 Rf6 22. Nc6 Nxc6 23. dxc6 d5 24. Qa6 Qc7 25. Qa7 Bf4 26. Qxc7 Bxc7 27. Ra7 Be5 28. b4 1-0

[Event "EU-Cup 21st"]
[Site "Saint Vincent"]
[Date "2005.09.18"]
[Round "1.3"]
[White "Erdogdu, Mert"]
[Black "O'Donovan, Richard"]
[Result "1-0"]
[WhiteElo "2403"]
[BlackElo "2155"]
[PlyCount "49"]
[EventDate "2005.09.18"]
[EventType "team-swiss"]
[EventRounds "7"]
[EventCountry "ITA"]
[SourceTitle "CBM 110"]
[Source "ChessBase"]
[SourceDate "2006.01.31"]
[SourceVersion "1"]
[SourceVersionDate "2006.01.31"]
[SourceQuality "1"]
[WhiteTeam "Istanbul"]
[BlackTeam "Phibsboro"]
[WhiteTeamCountry "TUR"]
[BlackTeamCountry "IRL"]

1. e4 c5 2. Nf3 e6 3. d4 cxd4 4. Nxd4 a6 5. Bd3 Qc7 6. Qe2 Nc6 7. Nxc6 bxc6 8. 0-0 d5 9. c4 dxe4 10. Bxe4 Nf6 11. Bf3 Bd6 12. h3 Rb8 13. Nc3 0-0 14. b3 Bh2+ 15. Kh1 Be5 16. Bb2 Rd8 17. Nb5 Rxb5 18. cxb5 Bxb2 19. Qxb2 cxb5 20. Rac1 Qf4 21. Rfd1 Re8 22. Qd2 Qxd2 23. Rxd2 e5 24. Bc6 Rf8 25. Re1 1-0

[Event "IRL-ch"]
[Site "Dublin"]
[Date "2005.07.17"]
[Round "9"]
[White "O'Donovan, Richard"]
[Black "Murray, David"]
[Result "1-0"]
[WhiteElo "2155"]
[BlackElo "1985"]
[PlyCount "81"]
[EventDate "2005.07.09"]
[EventType "swiss"]
[EventRounds "9"]
[EventCountry "IRL"]
[SourceTitle "CBM 107 Extra"]
[Source "ChessBase"]
[SourceDate "2005.09.01"]
[SourceVersion "1"]
[SourceVersionDate "2005.09.01"]
[SourceQuality "1"]

1. e4 e5 2. Nf3 Nc6 3. d4 exd4 4. Nxd4 Nf6 5. Nxc6 bxc6 6. e5 Qe7 7. Qe2 Nd5 8. c4 Ba6 9. b3 Qh4 10. Bb2 Bb4+ 11. Nd2 0-0 12. g3 Qh6 13. a3 Bxd2+ 14. Qxd2 Qxd2+ 15. Kxd2 Ne7 16. Bg2 Rab8 17. Kc2 d5 18. exd6 cxd6 19. Rad1 Rfd8 20. Rhe1 Rb7 21. Rd2 Rdb8 22. Rxd6 Rxb3 23. Bc1 Nf5 24. Rd8+ Rxd8 25. Kxb3 Kf8 26. Kb4 c5+ 27. Kxc5 Rc8+ 28. Kb4 Rxc4+ 29. Ka5 Bc8 30. Bd2 Rc5+ 31. Kb4 Rc2 32. Rd1 Be6 33. Ka5 Ke8 34. Be4 Rc5+ 35. Ka6 Nd6 36. Bf3 Nb5 37. Bb4 Bc8+ 38. Ka5 Re5 39. Bc6+ Bd7 40. Bxd7+ Kd8 41. Bxb5+ 1-0

[Event "IRL-ch"]
[Site "Dublin"]
[Date "2005.07.11"]
[Round "3"]
[White "McPhillips, Karl"]
[Black "O'Donovan, Richard"]
[Result "1-0"]
[WhiteElo "2225"]
[BlackElo "2155"]
[PlyCount "39"]
[EventDate "2005.07.09"]
[EventType "swiss"]
[EventRounds "9"]
[EventCountry "IRL"]
[SourceTitle "CBM 107 Extra"]
[Source "ChessBase"]
[SourceDate "2005.09.01"]
[SourceVersion "1"]
[SourceVersionDate "2005.09.01"]
[SourceQuality "1"]

1. d4 Nf6 2. c4 e6 3. Nf3 b6 4. e3 Bb7 5. Bd3 d5 6. 0-0 Bd6 7. Nc3 0-0 8. b3 Ne4 9. Ne2 Nd7 10. Bb2 f5 11. Ne5 Bxe5 12. dxe5 g5 13. cxd5 Bxd5 14. b4 g4 15. Nf4 Ng5 16. Nxd5 exd5 17. Ba6 Qe7 18. Qxd5+ Qe6 19. Bc4 Rae8 20. Qd4 1-0

[Event "Internet Section 07A g/8'+2\""]
[Site "Dos Hermanas"]
[Date "2004.03.07"]
[Round "3"]
[White "O'Donovan, Richard"]
[Black "Bachmann, Axel"]
[Result "0-1"]
[WhiteElo "2142"]
[BlackElo "2225"]
[PlyCount "118"]
[EventDate "2004.03.07"]
[EventType "swiss (blitz)"]
[EventRounds "9"]
[EventCountry "ESP"]
[SourceTitle "CBM 099 Extra"]
[Source "ChessBase"]
[SourceDate "2004.05.04"]
[SourceVersion "1"]
[SourceVersionDate "2004.05.04"]
[SourceQuality "1"]

1. e4 g6 2. d4 Bg7 3. Nc3 d6 4. Nf3 Nf6 5. Be3 c6 6. a4 0-0 7. h3 Qc7 8. Bd3 e5 9. dxe5 dxe5 10. 0-0 h6 11. a5 Be6 12. Qe2 Nbd7 13. Bc4 Bxc4 14. Qxc4 b5 15. Nxb5 Qb8 16. Nc3 Rc8 17. b3 Nf8 18. Na4 Ne6 19. c3 Qb5 20. Nd2 Rd8 21. Qxb5 cxb5 22. Nb2 Rac8 23. Rac1 a6 24. c4 b4 25. Na4 Rd3 26. Nb6 Rcd8 27. Nd5 Nd4 28. Bxd4 Rxd4 29. Nf3 Rxe4 30. Nxb4 Ra8 31. Nc6 Nd7 32. Ne7+ Kf8 33. Nd5 Nc5 34. b4 Nd3 35. Rc3 Nb2 36. Nb6 Ra7 37. Rb1 Re2 38. Kf1 e4 39. Kxe2 Bxc3 40. Nd2 f5 41. Nd5 Na4 42. Rb3 Be5 43. Nb6 Nc3+ 44. Ke1 f4 45. c5 e3 46. Ndc4 Bd4 47. fxe3 fxe3 48. Nxe3 Re7 49. Nbd5 Nxd5 50. Kd2 Bxe3+ 51. Kd3 Bf4 52. Kc4 Nc7 53. c6 Re4+ 54. Kc5 Re5+ 55. Kb6 Rb5+ 56. Ka7 Be5 57. Rd3 Rxb4 58. Rd7 Ke8 59. Rh7 Bd4# 0-1

[Event "EU-Cup 19th"]
[Site "Rethymno"]
[Date "2003.10.01"]
[Round "4.3"]
[White "O'Donovan, Richard"]
[Black "Kotz, Heinz Peter"]
[Result "1-0"]
[WhiteElo "2162"]
[BlackElo "2354"]
[PlyCount "97"]
[EventDate "2003.09.28"]
[EventType "team-swiss"]
[EventRounds "7"]
[EventCountry "GRE"]
[SourceTitle "CBM 098"]
[Source "ChessBase"]
[SourceDate "2004.02.03"]
[SourceVersion "1"]
[SourceVersionDate "2004.02.03"]
[SourceQuality "1"]
[WhiteTeam "Phibsboro"]
[BlackTeam "Gleisdorf"]
[WhiteTeamCountry "IRL"]
[BlackTeamCountry "AUT"]

1. e4 e5 2. Nf3 Nc6 3. d4 exd4 4. Nxd4 Nf6 5. Nxc6 bxc6 6. e5 Qe7 7. Qe2 Nd5 8. c4 Nb6 9. b3 a5 10. Bb2 a4 11. Nd2 axb3 12. axb3 Rxa1+ 13. Bxa1 Qa3 14. Qd1 Bb4 15. Bd3 Qa5 16. Bb2 d5 17. Qc2 dxc4 18. bxc4 Na4 19. Bd4 0-0 20. 0-0 Bxd2 21. Ra1 Bg5 22. Rxa4 Qe1+ 23. Bf1 Bf4 24. g3 Bxe5 25. Ra1 Qxa1 26. Bxa1 Bxa1 27. Qa4 Be5 28. Qxc6 Be6 29. f4 Bd4+ 30. Kg2 h5 31. f5 Bc8 32. Be2 h4 33. g4 Be5 34. Bf3 Rd8 35. Bd5 Bd7 36. Qg6 Be8 37. Qg5 Bf6 38. Qf4 c6 39. Bf3 Kf8 40. g5 Bc3 41. f6 Rd2+ 42. Kf1 Bd7 43. Qb8+ Be8 44. fxg7+ Kxg7 45. Qxe8 Bd4 46. Qxc6 Rxh2 47. Qh6+ Kg8 48. Bd5 Rf2+ 49. Ke1 1-0

[Event "Bunratty Masters op"]
[Site "Bunratty"]
[Date "2001.02.17"]
[Round "4"]
[White "Dooley, Michael"]
[Black "O'Donovan, Richard"]
[Result "1/2-1/2"]
[WhiteElo "2152"]
[BlackElo "2173"]
[PlyCount "41"]
[EventDate "2001.02.19"]
[EventType "swiss"]
[EventRounds "6"]
[EventCountry "IRL"]
[SourceTitle "CBM 080 Extra"]
[Source "ChessBase"]
[SourceDate "2001.03.08"]
[SourceVersion "1"]
[SourceVersionDate "2001.03.08"]
[SourceQuality "1"]

1. c4 e5 2. g3 g6 3. Bg2 Bg7 4. Nc3 Ne7 5. e4 d6 6. Nge2 Be6 7. d3 0-0 8. 0-0 c6 9. Bg5 f6 10. Be3 Nd7 11. b3 f5 12. Qd2 Rf7 13. f3 d5 14. exd5 cxd5 15. d4 Qa5 16. Nxd5 Qxd2 17. Nxe7+ Rxe7 18. Bxd2 exd4 19. Bb4 Bxc4 20. bxc4 Rxe2 21. f4 1/2-1/2

[Event "Bunratty Masters op"]
[Site "Bunratty"]
[Date "2001.02.16"]
[Round "1"]
[White "O'Donovan, Richard"]
[Black "Baburin, Alexander"]
[Result "0-1"]
[WhiteElo "2173"]
[BlackElo "2598"]
[PlyCount "64"]
[EventDate "2001.02.19"]
[EventType "swiss"]
[EventRounds "6"]
[EventCountry "IRL"]
[SourceTitle "CBM 080 Extra"]
[Source "ChessBase"]
[SourceDate "2001.03.08"]
[SourceVersion "1"]
[SourceVersionDate "2001.03.08"]
[SourceQuality "1"]

1. e4 c5 2. Nf3 d6 3. Nc3 Nf6 4. Bb5+ Nbd7 5. d4 cxd4 6. Qxd4 e5 7. Qd1 h6 8. 0-0 Be7 9. Re1 0-0 10. h3 a6 11. Bc4 b5 12. Bd5 Rb8 13. a3 Nb6 14. Bb3 Nc4 15. Bxc4 bxc4 16. Rb1 Be6 17. Qe2 Qc8 18. Rd1 Re8 19. Nh2 Rd8 20. Nf1 d5 21. exd5 Nxd5 22. Nxd5 Bxd5 23. Qxe5 Bf6 24. Qg3 Be4 25. Rxd8+ Qxd8 26. Ne3 h5 27. Qf4 Qe8 28. Kf1 c3 29. b3 Rd8 30. a4 Bxc2 31. Ra1 Rd1+ 32. Ke2 Rg1 0-1

[Event "Kilkenny Norkom op"]
[Site "Kilkenny"]
[Date "2000.11.26"]
[Round "6"]
[White "O'Donovan, Richard"]
[Black "Fox, Anthony"]
[Result "0-1"]
[WhiteElo "2173"]
[BlackElo "2099"]
[PlyCount "85"]
[EventDate "2000.11.24"]
[EventType "swiss"]
[EventRounds "6"]
[EventCountry "IRL"]
[SourceTitle "CBM 079 Extra"]
[Source "ChessBase"]
[SourceDate "2001.01.11"]
[SourceVersion "2"]
[SourceVersionDate "2001.01.25"]
[SourceQuality "1"]

1. e4 e5 2. f4 exf4 3. Nf3 d5 4. exd5 Nf6 5. Bb5+ c6 6. dxc6 Nxc6 7. d4 Bd6 8. 0-0 0-0 9. Nc3 h6 10. Bxc6 bxc6 11. Ne5 Bxe5 12. dxe5 Qb6+ 13. Kh1 Ng4 14. Qe1 Ba6 15. Rxf4 Nxe5 16. Re4 Ng6 17. Na4 Qc7 18. Nc5 Bc8 19. Qf2 Be6 20. c4 Rae8 21. Bd2 Bd7 22. Rae1 Rxe4 23. Rxe4 Re8 24. Rxe8+ Bxe8 25. Bc3 f6 26. b3 Bf7 27. Bd4 Qc8 28. Ne4 Qe6 29. Nc5 Qg4 30. h3 Qd1+ 31. Kh2 a5 32. Bc3 Qd6+ 33. Kh1 Qd1+ 34. Qe1 Qc2 35. a4 Nf4 36. Qd2 Qf5 37. Qf2 Qb1+ 38. Kh2 Ne6 39. Nxe6 Bxe6 40. Qb2 Qxb2 41. Bxb2 Bf5 42. Kg3 Bc2 43. b4 0-1

[Event "Bunratty Masters op"]
[Site "Bunratty"]
[Date "2000.02.12"]
[Round "3"]
[White "Delaney, Paul"]
[Black "O'Donovan, Richard"]
[Result "1-0"]
[WhiteElo "2305"]
[BlackElo "2175"]
[PlyCount "95"]
[EventDate "2000.02.11"]
[EventType "swiss"]
[EventRounds "6"]
[EventCountry "IRL"]
[SourceTitle "CBM 074 Extra"]
[Source "ChessBase"]
[SourceDate "2000.03.10"]
[SourceVersion "2"]
[SourceVersionDate "2000.03.10"]
[SourceQuality "1"]

1. e4 c5 2. Nf3 Nc6 3. d4 cxd4 4. Nxd4 Nf6 5. Nc3 Qb6 6. Nb3 e6 7. Be3 Qc7 8. Bd3 Be7 9. f4 d6 10. Qf3 0-0 11. 0-0-0 a6 12. g4 Re8 13. g5 Nd7 14. h4 Nf8 15. Kb1 b5 16. h5 g6 17. hxg6 fxg6 18. Rh6 Bb7 19. Rdh1 Nb4 20. Qh3 Bd8 21. Rf1 Nxd3 22. cxd3 b4 23. Ne2 Rc8 24. Rc1 Qd7 25. Rxc8 Bxc8 26. Qg3 a5 27. Nec1 d5 28. e5 d4 29. Nxd4 Bb7 30. Ndb3 Qd5 31. Nc5 Bc6 32. Ne4 Bb5 33. Bb6 Be7 34. Bc5 Kh8 35. Bxe7 Rxe7 36. Rh2 Nd7 37. Rc2 Qa8 38. Qe3 Bc6 39. Nd6 Kg7 40. Ne2 Ba4 41. b3 Bc6 42. Nd4 Bd5 43. Rc8 Qa6 44. Qh3 h5 45. gxh6+ Kh7 46. Kb2 a4 47. Qh4 a3+ 48. Kc2 1-0

[Event "Bunratty Masters op"]
[Site "Bunratty"]
[Date "1999.02.18"]
[Round "1"]
[White "Arkell, Keith C"]
[Black "O'Donovan, Richard"]
[Result "1-0"]
[WhiteElo "2438"]
[BlackElo "2176"]
[PlyCount "27"]
[EventDate "1999.02.18"]
[EventType "swiss"]
[EventRounds "6"]
[EventCountry "IRL"]
[SourceTitle "EXT 2000"]
[Source "ChessBase"]
[SourceDate "1999.11.16"]
[SourceVersion "1"]
[SourceVersionDate "1999.11.16"]
[SourceQuality "1"]

1. d4 Nf6 2. Nf3 c5 3. d5 b5 4. Bg5 Ne4 5. Bh4 Qa5+ 6. c3 d6 7. Nfd2 Bf5 8. f3 Nxd2 9. Nxd2 h6 10. e4 Bh7 11. a4 bxa4 12. Nc4 Qc7 13. Qxa4+ Nd7 14. Qc6 1-0

[Event "IRL-ch"]
[Site "Drogheda"]
[Date "1999.??.??"]
[Round "6"]
[White "Brady, Stephen"]
[Black "O'Donovan, Richard"]
[Result "1/2-1/2"]
[WhiteElo "2320"]
[BlackElo "2175"]
[PlyCount "81"]
[EventDate "1999.??.??"]
[EventType "swiss"]
[EventRounds "9"]
[EventCountry "IRL"]
[SourceTitle "EXT 2000"]
[Source "ChessBase"]
[SourceDate "1999.11.16"]
[SourceVersion "1"]
[SourceVersionDate "1999.11.16"]
[SourceQuality "1"]

1. e4 c5 2. c3 Nf6 3. e5 Nd5 4. d4 cxd4 5. Nf3 Nc6 6. Bc4 Nb6 7. Bb3 d5 8. exd6 Qxd6 9. 0-0 Be6 10. Bxe6 Qxe6 11. Nxd4 Nxd4 12. Qxd4 Rd8 13. Qh4 Qe2 14. Bd2 Qc4 15. Qg3 Qd3 16. Be3 Nc4 17. Bxa7 Qxg3 18. hxg3 Nxb2 19. Na3 e5 20. Nb5 Kd7 21. c4 Rc8 22. Rab1 Nxc4 23. Nc3 b6 24. Na4 Ra8 25. Nxb6+ Nxb6 26. Bxb6 Rxa2 27. Rfd1+ Bd6 28. Bc5 Ra6 29. Bxd6 Rxd6 30. Rb7+ Ke6 31. Rxd6+ Kxd6 32. Rxf7 Rg8 33. Ra7 Ke6 34. Ra6+ Kf5 35. f3 h5 36. Ra5 g5 37. Ra4 g4 38. f4 exf4 39. Ra5+ Ke4 40. Ra4+ Kf5 41. Ra5+ 1/2-1/2

[Event "IRL-ch"]
[Site "Drogheda"]
[Date "1999.??.??"]
[Round "3"]
[White "O'Donovan, Richard"]
[Black "Nicholson, John"]
[Result "1-0"]
[WhiteElo "2175"]
[BlackElo "2035"]
[PlyCount "37"]
[EventDate "1999.??.??"]
[EventType "swiss"]
[EventRounds "9"]
[EventCountry "IRL"]
[SourceTitle "EXT 2000"]
[Source "ChessBase"]
[SourceDate "1999.11.16"]
[SourceVersion "1"]
[SourceVersionDate "1999.11.16"]
[SourceQuality "1"]

1. e4 b6 2. d3 Bb7 3. c4 e6 4. Nc3 Ne7 5. Be2 d5 6. exd5 exd5 7. Bf3 c6 8. Bf4 d4 9. Nb5 cxb5 10. Bxb7 Ng6 11. Qe2+ Be7 12. Bg5 f6 13. Bd2 Nd7 14. Bxa8 Qxa8 15. cxb5 Nc5 16. Nf3 Kf7 17. 0-0 Qd5 18. Rfc1 Bd6 19. b4 1-0

[Event "Kilkenny Masters"]
[Site "Kilkenny"]
[Date "1998.11.28"]
[Round "3"]
[White "O'Donovan, Richard"]
[Black "Keogh, Eamon"]
[Result "0-1"]
[WhiteElo "2195"]
[BlackElo "2165"]
[PlyCount "90"]
[EventDate "1998.11.27"]
[EventType "swiss"]
[EventRounds "6"]
[EventCountry "IRL"]
[SourceTitle "CBM 067 Extra"]
[Source "ChessBase"]
[SourceDate "1999.01.01"]
[SourceVersion "1"]
[SourceVersionDate "1999.01.01"]
[SourceQuality "1"]

1. e4 e5 2. f4 d5 3. exd5 exf4 4. Nf3 Qxd5 5. Nc3 Qh5 6. Bc4 Bg4 7. Qe2+ Kd8 8. d4 Bxf3 9. Qxf3 Qxf3 10. gxf3 Nc6 11. Bxf4 Bd6 12. Bxd6 cxd6 13. 0-0-0 Nh6 14. Ne4 Kc7 15. c3 Rad8 16. Ng5 d5 17. Bd3 Rde8 18. Rde1 Kd6 19. Kd2 f6 20. Nh3 g5 21. Rxe8 Rxe8 22. Bxh7 g4 23. Bg6 Rg8 24. Nf4 Ne7 25. Bc2 gxf3 26. Rf1 Ng4 27. h3 f5 28. Rxf3 Nf6 29. Ke3 Ne4 30. Bb3 Rg1 31. Nd3 Ng5 32. Rf2 Nxh3 33. Rh2 Rg3+ 34. Ke2 f4 35. Ne5 Re3+ 36. Kd2 Nf5 37. Bd1 Ng3 38. Kc2 Ne4 39. Bg4 Nhg5 40. Rh6+ Kc7 41. Rh8 f3 42. Rc8+ Kb6 43. Nd7+ Ka6 44. Nb8+ Ka5 45. Kb3 f2 0-1

[Event "Kilkenny Masters"]
[Site "Kilkenny"]
[Date "1998.11.28"]
[Round "4"]
[White "Sutton, Ian"]
[Black "O'Donovan, Richard"]
[Result "1-0"]
[WhiteElo "2100"]
[BlackElo "2195"]
[PlyCount "53"]
[EventDate "1998.11.27"]
[EventType "swiss"]
[EventRounds "6"]
[EventCountry "IRL"]
[SourceTitle "CBM 067 Extra"]
[Source "ChessBase"]
[SourceDate "1999.01.01"]
[SourceVersion "1"]
[SourceVersionDate "1999.01.01"]
[SourceQuality "1"]

1. d4 Nf6 2. c4 c5 3. d5 b5 4. Nf3 g6 5. cxb5 a6 6. b6 Qxb6 7. Nc3 d6 8. e4 Nbd7 9. Be2 Bg7 10. 0-0 0-0 11. Nd2 Ne5 12. h3 Bb7 13. f4 Ned7 14. g4 e6 15. Nc4 Qc7 16. dxe6 fxe6 17. Qxd6 Ne8 18. Qxe6+ Kh8 19. e5 Qd8 20. Be3 Nc7 21. Qd6 Nb5 22. Qd2 Qe7 23. Rad1 Rad8 24. Qe1 Rc8 25. Nxb5 axb5 26. Nd6 Rb8 27. Bxb5 1-0

[Event "Bunratty Masters op"]
[Site "Bunratty"]
[Date "1998.02.23"]
[Round "6"]
[White "O'Donovan, Richard"]
[Black "O'Cinneide, Mel"]
[Result "0-1"]
[WhiteElo "2230"]
[BlackElo "2285"]
[PlyCount "66"]
[EventDate "1998.02.21"]
[EventType "swiss"]
[EventRounds "6"]
[EventCountry "IRL"]
[SourceTitle "CBM 062 Extra"]
[Source "ChessBase"]
[SourceDate "1998.03.09"]
[SourceVersion "1"]
[SourceVersionDate "1998.03.09"]
[SourceQuality "1"]

1. e4 d5 2. exd5 Qxd5 3. Nc3 Qa5 4. d4 Nf6 5. Nf3 c6 6. Bd2 Bf5 7. Bc4 e6 8. Nh4 Bg6 9. Nxg6 hxg6 10. Qe2 Qf5 11. 0-0-0 Nbd7 12. h3 Qh5 13. g4 Qh4 14. Kb1 0-0-0 15. Bf4 Nb6 16. Bb3 Nbd5 17. Nxd5 exd5 18. f3 Bd6 19. Be5 Rde8 20. Qe1 Bxe5 21. dxe5 Qg5 22. Qa5 Qxe5 23. Qxa7 Qe2 24. g5 Nd7 25. Qd4 Qxf3 26. Qxg7 Rxh3 27. Rhf1 Qe2 28. Qd4 Re4 29. Qg7 Rf3 30. Rh1 Rf2 31. Rc1 Qd2 32. Rhg1 Rfe2 33. Qxf7 Re1 0-1

[Event "Bunratty Masters op"]
[Site "Bunratty"]
[Date "1998.02.22"]
[Round "4"]
[White "O'Donovan, Richard"]
[Black "McShane, Luke J"]
[Result "0-1"]
[WhiteElo "2230"]
[BlackElo "2490"]
[PlyCount "84"]
[EventDate "1998.02.21"]
[EventType "swiss"]
[EventRounds "6"]
[EventCountry "IRL"]
[SourceTitle "CBM 062 Extra"]
[Source "ChessBase"]
[SourceDate "1998.03.09"]
[SourceVersion "1"]
[SourceVersionDate "1998.03.09"]
[SourceQuality "1"]

1. e4 c5 2. Nf3 d6 3. d4 cxd4 4. Nxd4 Nf6 5. Nc3 a6 6. Be2 e5 7. Nf3 Be7 8. 0-0 h6 9. h3 0-0 10. a4 Be6 11. Be3 Nbd7 12. Qd2 Rc8 13. Rfd1 Re8 14. a5 Rc6 15. Ne1 Qc8 16. Bf3 Rc4 17. Ra4 Rxa4 18. Nxa4 Qc6 19. Nc3 Nc5 20. Bxc5 Qxc5 21. Nd5 Nxd5 22. exd5 Bg5 23. b4 Qc7 24. Qe2 Bd7 25. c4 Ba4 26. Rb1 Rc8 27. Qa2 Bd7 28. Be2 e4 29. Nc2 Qd8 30. Qb3 Bf4 31. Ne3 Qg5 32. Kf1 h5 33. Rc1 Bh2 34. Qd1 Bxh3 35. Bxh5 Bd7 36. Be2 f5 37. c5 Bf4 38. Qd2 Qh4 39. Ke1 Qh1+ 40. Bf1 Bb5 41. cxd6 Qxf1+ 42. Nxf1 Rxc1+ 0-1

[Event "IRL-ch"]
[Site "Dublin"]
[Date "1998.??.??"]
[Round "6"]
[White "Heidenfeld, Mark"]
[Black "O'Donovan, Richard"]
[Result "1/2-1/2"]
[WhiteElo "2335"]
[BlackElo "2195"]
[PlyCount "46"]
[EventDate "1998.08.??"]
[EventType "swiss"]
[EventRounds "9"]
[EventCountry "IRL"]
[SourceTitle "EXT 1999"]
[Source "ChessBase"]
[SourceDate "1998.11.16"]
[SourceVersion "1"]
[SourceVersionDate "1998.11.16"]
[SourceQuality "1"]

1. e4 c5 2. Nf3 Nc6 3. d4 cxd4 4. Nxd4 e5 5. Nb5 d6 6. a4 Be6 7. N1c3 a6 8. Na3 Rc8 9. g3 Be7 10. Bg2 Nf6 11. 0-0 0-0 12. Rb1 Nb4 13. Bg5 Nd7 14. Bxe7 Qxe7 15. Qd2 Nf6 16. Nd5 Nbxd5 17. exd5 Bf5 18. Rbc1 Qd7 19. Qb4 Rc5 20. Nc4 Bh3 21. Nxe5 Qf5 22. Nd3 Bxg2 23. Kxg2 Qxd5+ 1/2-1/2